• 首页
  • 本馆介绍
  • 公告通知
  • 最新文献
  • 馆藏检索
  • 电子资源
  • 读者导购
  • 参考咨询
  • 我的图书馆
  • 登录
  • 详细信息显示
  • 放入我的书架
  • 预约/预借图书
  • 作者相关作品
  • 分类相关作品
  • 丛书相关作品
  • 出版社相关作品

书目信息

  • 表格格式
  • 工作单格式
  • 卡片格式
题名:
天外访客--UFO
    
 
作者: 林文伟 著
分册:  
出版信息: 北京   科技世界出版社  
页数: 122页
开本: 20cm
丛书名:
单 册:
中图分类: N51
科图分类:
主题词: 自然科学--丛书 , 自然科学--多卷书
电子资源:
ISBN:
000 00568nam0 2200217 45
001 0312221749
005 20040519090014.3
010    @dCNY0.50
100    @a20031222d km y0chiy0120 ea
101    @achi
105    @a z 000yy
200 1  @a天外访客--UFO@ATian Wai Fang Ke--UFO@f林文伟著@FLin Wen Wei Zhu
210    @a北京@c科技世界出版社
215    @a122页@d20cm
300    @a科技世界丛书
606 0  @a自然科学@x丛书
606 0  @a自然科学@x多卷书
690    @aN51@v3
701 0  @a林文伟@4著
801    @aCN@bTSTCL@c20031222
905    @dN51@e103@f4@b73661-664
    
    天外访客--UFO/林文伟著.-北京:科技世界出版社
    122页;20cm
    科技世界丛书
    
    ISBN :CNY0.50
    
●
相关链接 在E读中查询图书 在五车中查询图书 在当当中查询图书 在豆瓣中查询图书


正题名:天外访客--UFO     索取号:N51/103         预约/预借

序号 登录号 条形码 馆藏地/架位号 状态 备注
1 0073661   001229922   第三借阅区/ [索取号:N51/103] 在馆    
2 0073662   001201997   第三借阅区/ [索取号:N51/103] 在馆    
3 0073663   001202004   第三借阅区/ [索取号:N51/103] 在馆    
4 0073664   001202031   第三借阅区/ [索取号:N51/103] 在馆    
5 0073665   001201988   第二样本阅览室/ [索取号:N51/103] 在馆    
唐山师范学院图书馆 欢迎您!
大连网信软件有限公司© 版权所有